| 000 | 00370nam a2200145Ia 4500 | ||
|---|---|---|---|
| 003 | LK-CoDNM | ||
| 008 | 010623t xxu||||| |||| 00| 1 eng d | ||
| 040 |
_aLK-CoDNM _dLK-CoDNM _eLK-CoDNM |
||
| 041 | _aeng | ||
| 080 | _a(X)327.27 DES | ||
| 100 | _aDe Silva,Colvin R | ||
| 245 | _aApril 1971 A Fore Doomed Ultra leftist Adventure | ||
| 300 | _b19p.;18 cm cm | ||
| 942 | _cBK | ||
| 999 |
_c133689 _d133689 |
||